[Event "U20 Polish Youth Championship"]
[Site "Ustron"]
[Date "2019.11.25"]
[Round "4"]
[White "Jankowiak, Tomasz"]
[Black "Kalkowski, Igor"]
[Result "1/2-1/2"]
[Board "17"]
[WhiteElo "2111"]
[WhiteCountry "POL"]
[WhiteFideId "1185357"]
[WhiteEloChange "-4"]
[BlackElo "1965"]
[BlackCountry "POL"]
[BlackFideId "21833966"]
[BlackEloChange "4"]

1. e4 {[%clk 1:30:56]} c5 {[%clk 1:30:44]} 2. Nf3 {[%clk 1:31:22]} e6 {[%clk
1:31:06]} 3. d4 {[%clk 1:31:42]} cxd4 {[%clk 1:31:30]} 4. Nxd4 {[%clk 1:32:08]}
Nc6 {[%clk 1:31:53]} 5. Nc3 {[%clk 1:32:34]} Qc7 {[%clk 1:32:17]} 6. Be3 {[%clk
1:32:55]} a6 {[%clk 1:32:38]} 7. Qf3 {[%clk 1:33:12]} Nf6 {[%clk 1:29:05]} 8.
O-O-O {[%clk 1:32:53]} Nxd4 {[%clk 1:26:34]} 9. Bxd4 {[%clk 1:33:00]} Bd6 {[%clk
1:26:24]} 10. g3 {[%clk 1:29:34]} Be5 {[%clk 1:24:33]} 11. Qd3 {[%clk 1:27:51]}
O-O {[%clk 1:17:11]} 12. f4 {[%clk 1:07:20]} Bxd4 {[%clk 1:16:44]} 13. Qxd4
{[%clk 1:07:43]} d5 {[%clk 1:11:40]} 14. exd5 {[%clk 1:06:29]} exd5 {[%clk
1:10:45]} 15. Bg2 {[%clk 1:04:04]} Bf5 {[%clk 1:09:24]} 16. Rhe1 {[%clk 0:49:02]}
Rfd8 {[%clk 1:05:36]} 17. Qe5 {[%clk 0:41:42]} Qc8 {[%clk 1:01:48]} 18. Qd4
{[%clk 0:28:08]} Qc7 {[%clk 0:55:03]} 19. Re5 {[%clk 0:25:31]} Be4 {[%clk
0:53:14]} 20. Bxe4 {[%clk 0:24:21]} dxe4 {[%clk 0:52:56]} 21. Nd5 {[%clk
0:19:12]} Nxd5 {[%clk 0:52:23]} 22. Rxd5 {[%clk 0:19:35]} Rxd5 {[%clk 0:51:52]}
23. Qxd5 {[%clk 0:20:00]} Qe7 {[%clk 0:47:21]} 24. Qd7 {[%clk 0:18:13]} Kf8
{[%clk 0:47:00]} 25. Qxe7+ {[%clk 0:17:12]} Kxe7 {[%clk 0:46:59]} 26. Rd5 {[%clk
0:17:33]} f6 {[%clk 0:42:39]} 27. f5 {[%clk 0:16:43]} g6 {[%clk 0:40:35]} 28. Kd2
{[%clk 0:16:33]} Rc8 {[%clk 0:37:19]} 29. c3 {[%clk 0:15:30]} gxf5 {[%clk
0:36:57]} 30. Rxf5 {[%clk 0:15:50]} Ke6 {[%clk 0:36:12]} 31. g4 {[%clk 0:14:04]}
Rg8 {[%clk 0:34:59]} 32. h3 {[%clk 0:12:54]} Rd8+ {[%clk 0:35:00]} 33. Ke2 {[%clk
0:13:01]} Rd3 {[%clk 0:33:48]} 34. Rh5 {[%clk 0:13:24]} Rg3 {[%clk 0:24:35]} 35.
Kf2 {[%clk 0:12:32]} Rd3 {[%clk 0:24:28]} 36. Ke1 {[%clk 0:11:28]} Rg3 {[%clk
0:20:34]} 37. Rxh7 {[%clk 0:10:05]} Ke5 {[%clk 0:20:58]} 38. Rxb7 {[%clk
0:01:11]} Kf4 {[%clk 0:20:45]} 39. Rb6 {[%clk 0:01:31]} Ke3 {[%clk 0:20:19]} 40.
Kd1 {[%clk 0:31:11]} Rg2 {[%clk 0:45:12]} 41. Kc1 {[%clk 0:29:45]} Rf2 {[%clk
0:26:31]} 42. Rxa6 {[%clk 0:23:49]} Ke2 {[%clk 0:26:32]} 43. a4 {[%clk 0:20:41]}
e3 {[%clk 0:24:19]} 44. a5 {[%clk 0:20:07]} f5 {[%clk 0:17:55]} 45. gxf5 {[%clk
0:19:07]} Rf3 {[%clk 0:09:06]} 46. Kc2 {[%clk 0:18:01]} Rxf5 {[%clk 0:08:33]} 47.
b4 {[%clk 0:17:50]} Re5 {[%clk 0:07:37]} 48. Rf6 {[%clk 0:17:33]} Ke1 {[%clk
0:07:32]} 49. a6 {[%clk 0:17:28]} e2 {[%clk 0:07:30]} 50. h4 {[%clk 0:17:15]} Re8
{[%clk 0:01:30]} 51. a7 {[%clk 0:15:16]} Rf8 {[%clk 0:01:57]} 52. Re6 {[%clk
0:14:57]} Ra8 {[%clk 0:02:05]} 53. Re7 {[%clk 0:15:07]} Kf2 {[%clk 0:02:31]} 54.
Rf7+ {[%clk 0:14:49]} Ke3 {[%clk 0:02:50]} 55. b5 {[%clk 0:14:37]} Re8 {[%clk
0:02:03]} 56. a8Q {[%clk 0:10:47]} Rxa8 {[%clk 0:02:28]} 57. Re7+ {[%clk
0:11:07]} Kf2 {[%clk 0:02:46]} 58. c4 {[%clk 0:06:04]} e1Q {[%clk 0:02:44]} 59.
Rxe1 {[%clk 0:06:28]} Kxe1 {[%clk 0:03:10]} 60. Kd3 {[%clk 0:06:32]} Rd8+ {[%clk
0:03:11]} 61. Ke4 {[%clk 0:05:25]} Kd2 {[%clk 0:03:28]} 62. c5 {[%clk 0:05:49]}
Kc3 {[%clk 0:03:41]} 63. c6 {[%clk 0:04:22]} Kc4 {[%clk 0:03:40]} 64. c7 {[%clk
0:01:43]} Re8+ {[%clk 0:04:04]} 65. Kf5 {[%clk 0:02:09]} Kxb5 {[%clk 0:04:19]}
66. h5 {[%clk 0:02:28]} Kc6 {[%clk 0:04:06]} 67. h6 {[%clk 0:02:48]} Kxc7 {[%clk
0:04:18]} 68. h7 {[%clk 0:02:46]} Rh8 {[%clk 0:03:33]} 69. Kg6 {[%clk 0:03:11]}
Kd7 {[%clk 0:03:52]} 70. Kg7 {[%clk 0:03:36]} Rxh7+ {[%clk 0:04:17]} 71. Kxh7
{[%clk 0:04:03]} 1/2-1/2

[Event "U20 Polish Youth Championship"]
[Site "Ustron"]
[Date "2019.11.25"]
[Round "4"]
[White "Trybus, Daniel"]
[Black "Czernek, Tymon"]
[Result "1-0"]
[Board "18"]
[WhiteElo "1862"]
[WhiteCountry "POL"]
[WhiteFideId "21816131"]
[WhiteEloChange "16"]
[BlackElo "2097"]
[BlackCountry "POL"]
[BlackFideId "1199510"]
[BlackEloChange "-16"]

1. e4 {[%clk 1:30:29]} c5 {[%clk 1:30:53]} 2. Nf3 {[%clk 1:30:57]} d6 {[%clk
1:31:16]} 3. d4 {[%clk 1:31:25]} cxd4 {[%clk 1:31:41]} 4. Nxd4 {[%clk 1:31:53]}
Nf6 {[%clk 1:32:04]} 5. Nc3 {[%clk 1:32:19]} a6 {[%clk 1:32:30]} 6. Bc4 {[%clk
1:32:33]} e6 {[%clk 1:32:52]} 7. Bb3 {[%clk 1:32:58]} Be7 {[%clk 1:33:07]} 8. Be3
{[%clk 1:33:20]} b5 {[%clk 1:31:08]} 9. Qe2 {[%clk 1:32:14]} Qc7 {[%clk 1:28:21]}
10. O-O-O {[%clk 1:32:19]} Bd7 {[%clk 1:27:23]} 11. g4 {[%clk 1:30:22]} O-O
{[%clk 1:24:37]} 12. g5 {[%clk 1:30:31]} Ne8 {[%clk 1:25:02]} 13. h4 {[%clk
1:17:12]} Nc6 {[%clk 1:22:55]} 14. f4 {[%clk 1:14:29]} Nxd4 {[%clk 1:17:47]} 15.
Bxd4 {[%clk 1:14:23]} Rb8 {[%clk 1:17:25]} 16. f5 {[%clk 1:07:44]} b4 {[%clk
1:13:38]} 17. f6 {[%clk 1:05:39]} Bd8 {[%clk 1:14:03]} 18. fxg7 {[%clk 0:52:19]}
Nxg7 {[%clk 1:14:26]} 19. g6 {[%clk 0:51:24]} fxg6 {[%clk 1:09:02]} 20. Nd5
{[%clk 0:47:02]} exd5 {[%clk 1:07:16]} 21. Bxd5+ {[%clk 0:47:29]} Ne6 {[%clk
1:04:38]} 22. e5 {[%clk 0:40:55]} Rf7 {[%clk 0:58:51]} 23. exd6 {[%clk 0:37:10]}
Qc8 {[%clk 0:59:06]} 24. Rhf1 {[%clk 0:34:43]} Bb6 {[%clk 0:54:08]} 25. Rxf7
{[%clk 0:32:13]} Kxf7 {[%clk 0:49:14]} 26. Bxb6 {[%clk 0:31:45]} Kg8 {[%clk
0:42:49]} 27. Bd4 {[%clk 0:31:12]} Rb5 {[%clk 0:42:11]} 28. Qe5 {[%clk 0:30:46]}
Rxd5 {[%clk 0:41:46]} 29. Qxd5 {[%clk 0:31:09]} Qf8 {[%clk 0:40:58]} 30. Qe5
{[%clk 0:30:16]} Nxd4 {[%clk 0:41:03]} 31. Qxd4 {[%clk 0:30:27]} Qh6+ {[%clk
0:40:40]} 32. Kb1 {[%clk 0:30:42]} Qh5 {[%clk 0:40:53]} 33. Re1 {[%clk 0:30:03]}
Qb5 {[%clk 0:41:11]} 34. Qf6 {[%clk 0:29:28]} Bf5 {[%clk 0:40:58]} 35. Qd8+
{[%clk 0:29:02]} Kg7 {[%clk 0:41:19]} 36. Qe7+ {[%clk 0:29:30]} Kh6 {[%clk
0:41:25]} 37. h5 {[%clk 0:29:27]} Qc6 {[%clk 0:41:17]} 38. Qe3+ {[%clk 0:27:43]}
Kxh5 {[%clk 0:40:59]} 39. Rg1 {[%clk 0:27:39]} Qxc2+ {[%clk 0:40:08]} 40. Ka1
{[%clk 0:57:57]} h6 {[%clk 1:10:33]} 41. Qf3+ {[%clk 0:58:07]} Kh4 {[%clk
1:10:54]} 42. Qg3+ {[%clk 0:58:33]} Kh5 {[%clk 1:11:12]} 43. Rh1+ {[%clk
0:58:59]} 1-0

[Event "U20 Polish Youth Championship"]
[Site "Ustron"]
[Date "2019.11.25"]
[Round "4"]
[White "Raclawicki, Kacper"]
[Black "Stachecki, Mikolaj"]
[Result "1/2-1/2"]
[Board "20"]
[WhiteElo "1854"]
[WhiteCountry "POL"]
[WhiteFideId "1174681"]
[WhiteEloChange "1"]
[BlackElo "1901"]
[BlackCountry "POL"]
[BlackFideId "21838810"]
[BlackEloChange "-1"]

1. d4 {[%clk 1:25:58]} Nf6 {[%clk 1:30:55]} 2. c4 {[%clk 1:26:08]} g6 {[%clk
1:31:21]} 3. Nc3 {[%clk 1:26:12]} Bg7 {[%clk 1:31:44]} 4. e4 {[%clk 1:26:13]} d6
{[%clk 1:32:09]} 5. Nf3 {[%clk 1:26:10]} O-O {[%clk 1:32:20]} 6. h3 {[%clk
1:25:32]} Nbd7 {[%clk 1:32:26]} 7. Be2 {[%clk 1:22:57]} e5 {[%clk 1:32:43]} 8. d5
{[%clk 1:22:28]} Nc5 {[%clk 1:32:24]} 9. Qc2 {[%clk 1:20:33]} a5 {[%clk 1:32:40]}
10. Be3 {[%clk 1:17:33]} b6 {[%clk 1:32:54]} 11. g4 {[%clk 1:10:26]} Ne8 {[%clk
1:19:24]} 12. O-O-O {[%clk 1:03:51]} Bd7 {[%clk 1:02:34]} 13. Rhg1 {[%clk
0:57:29]} c6 {[%clk 0:59:03]} 14. Ne1 {[%clk 0:48:55]} cxd5 {[%clk 0:58:11]} 15.
Nxd5 {[%clk 0:47:08]} Bc6 {[%clk 0:46:36]} 16. f4 {[%clk 0:40:22]} Bxd5 {[%clk
0:40:18]} 17. exd5 {[%clk 0:38:57]} exf4 {[%clk 0:36:41]} 18. Bxf4 {[%clk
0:33:48]} a4 {[%clk 0:30:01]} 19. g5 {[%clk 0:30:40]} Nc7 {[%clk 0:27:13]} 20.
Nf3 {[%clk 0:27:10]} N7a6 {[%clk 0:25:10]} 21. Kb1 {[%clk 0:21:50]} Re8 {[%clk
0:21:21]} 22. Rge1 {[%clk 0:15:32]} Ne4 {[%clk 0:16:07]} 23. Bd3 {[%clk 0:08:55]}
Nb4 {[%clk 0:16:22]} 24. Qh2 {[%clk 0:07:52]} Nxd3 {[%clk 0:12:33]} 25. Rxd3
{[%clk 0:08:20]} Qc7 {[%clk 0:06:30]} 26. Rc1 {[%clk 0:07:42]} a3 {[%clk
0:05:58]} 27. b3 {[%clk 0:04:04]} Qd7 {[%clk 0:05:44]} 28. Nd4 {[%clk 0:03:34]}
Bxd4 {[%clk 0:04:20]} 29. Rxd4 {[%clk 0:03:52]} Re7 {[%clk 0:04:37]} 30. h4
{[%clk 0:01:43]} Rd8 {[%clk 0:00:35]} 1/2-1/2

[Event "U20 Polish Youth Championship"]
[Site "Ustron"]
[Date "2019.11.25"]
[Round "4"]
[White "Syrkiewicz, Michal"]
[Black "Karolczuk, Iwo"]
[Result "1/2-1/2"]
[Board "21"]
[WhiteElo "1928"]
[WhiteCountry "POL"]
[WhiteFideId "21833494"]
[WhiteEloChange "2"]
[BlackElo "1982"]
[BlackCountry "POL"]
[BlackFideId "21816972"]
[BlackEloChange "-2"]

1. e4 {[%clk 1:30:30]} c5 {[%clk 1:30:30]} 2. Nf3 {[%clk 1:30:30]} e6 {[%clk
1:30:34]} 3. d4 {[%clk 1:30:30]} cxd4 {[%clk 1:30:34]} 4. Nxd4 {[%clk 1:30:30]}
a6 {[%clk 1:30:34]} 5. c4 {[%clk 1:30:39]} Nf6 {[%clk 1:30:34]} 6. Nc3 {[%clk
1:30:39]} Bb4 {[%clk 1:30:34]} 7. Bd3 {[%clk 1:30:38]} Qc7 {[%clk 1:29:47]} 8.
O-O {[%clk 1:30:27]} Bxc3 {[%clk 1:29:36]} 9. bxc3 {[%clk 1:30:52]} d6 {[%clk
1:30:01]} 10. Ba3 {[%clk 0:30:47]} e5 {[%clk 1:30:01]} 11. Nb3 {[%clk 0:30:47]}
O-O {[%clk 1:30:01]} 12. c5 {[%clk 0:30:47]} dxc5 {[%clk 1:30:01]} 13. Bxc5
{[%clk 0:30:47]} Rd8 {[%clk 1:30:01]} 14. Qc2 {[%clk 0:30:47]} Be6 {[%clk
1:30:01]} 15. Be3 {[%clk 0:30:47]} Nbd7 {[%clk 1:30:01]} 16. h3 {[%clk 0:30:47]}
Rac8 {[%clk 1:30:01]} 17. Rac1 {[%clk 0:30:47]} h6 {[%clk 1:30:01]} 18. Rfd1
{[%clk 0:30:47]} b5 {[%clk 1:30:01]} 19. Be2 {[%clk 0:29:29]} Qb7 {[%clk
1:19:20]} 20. f3 {[%clk 0:24:50]} Rc7 {[%clk 1:18:07]} 21. Qb2 {[%clk 0:18:37]}
Rdc8 {[%clk 1:16:54]} 22. Kh2 {[%clk 0:14:07]} Qa8 {[%clk 1:11:43]} 23. Na5
{[%clk 0:10:50]} Qb8 {[%clk 0:56:58]} 24. Rd6 {[%clk 0:03:51]} Qa8 {[%clk
0:40:32]} 25. Rdd1 {[%clk 0:04:05]} Nf8 {[%clk 0:40:46]} 26. Rd2 Ng6 {[%clk
0:40:40]} 27. Rdc2 Rb8 {[%clk 0:34:03]} 28. Qb4 Nh5 {[%clk 0:31:46]} 29. Bf1 Rd7
{[%clk 0:31:40]} 30. g3 f5 {[%clk 0:25:55]} 31. Bf2 fxe4 {[%clk 0:23:48]} 32.
Qxe4 Qxe4 {[%clk 0:24:13]} 33. fxe4 Nf6 {[%clk 0:24:33]} 34. Bg2 Rc8 {[%clk
0:24:31]} 35. Nb3 Rdc7 {[%clk 0:21:38]} 36. Na5 Nf8 {[%clk 0:21:37]} 37. Bb6 Rd7
{[%clk 0:20:38]} 38. c4 bxc4 {[%clk 0:20:52]} 39. Nxc4 Rb7 {[%clk 0:20:20]} 40.
Ba5 Rb5 {[%clk 0:17:00]} 41. Be1 Rbc5 {[%clk 0:16:22]} 42. Ne3 Rxc2 {[%clk
0:16:36]} 43. Rxc2 Rxc2 {[%clk 0:17:01]} 44. Nxc2 Bxa2 {[%clk 0:17:10]} 45. Nb4
Bc4 {[%clk 0:16:48]} 46. Bc3 N6d7 {[%clk 0:16:00]} 47. Nc6 Ng6 {[%clk 0:16:19]}
48. h4 Bb5 {[%clk 0:15:57]} 49. Nb4 Kf7 {[%clk 0:14:16]} 50. Nd5 Ngf8 {[%clk
0:13:49]} 51. Ne3 Bd3 {[%clk 0:11:32]} 52. Kg1 Nh7 {[%clk 0:09:31]} 53. Ng4 Ke6
{[%clk 0:07:24]} 54. Nf2 Bb5 {[%clk 0:07:28]} 55. Bh3+ Kd6 {[%clk 0:06:34]} 56.
Bxd7 Bxd7 {[%clk 0:05:56]} 57. Nd3 Bb5 {[%clk 0:00:02]} 58. Nxe5 1/2-1/2

[Event "U20 Polish Youth Championship"]
[Site "Ustron"]
[Date "2019.11.25"]
[Round "4"]
[White "Karwacki, Piotr"]
[Black "Janeczko, Jakub"]
[Result "1-0"]
[Board "22"]
[WhiteElo "1952"]
[WhiteCountry "POL"]
[WhiteFideId "21852200"]
[WhiteEloChange "7"]
[BlackElo "1839"]
[BlackCountry "POL"]
[BlackFideId "21871655"]
[BlackEloChange "-7"]

1. e4 {[%clk 1:30:57]} c5 {[%clk 1:30:59]} 2. Nf3 {[%clk 1:31:20]} Nc6 {[%clk
1:30:58]} 3. d4 {[%clk 1:31:46]} cxd4 {[%clk 1:31:25]} 4. Nxd4 {[%clk 1:32:11]}
Nf6 {[%clk 1:31:50]} 5. Nc3 {[%clk 1:32:37]} e5 {[%clk 1:28:38]} 6. Ndb5 {[%clk
1:33:02]} d6 {[%clk 1:29:00]} 7. Bg5 {[%clk 1:33:29]} a6 {[%clk 1:29:25]} 8. Na3
{[%clk 1:33:56]} b5 {[%clk 1:29:50]} 9. Bxf6 {[%clk 1:34:20]} gxf6 {[%clk
1:26:48]} 10. Nd5 {[%clk 1:34:38]} f5 {[%clk 1:21:09]} 11. Bd3 {[%clk 1:34:57]}
Be6 {[%clk 1:21:37]} 12. O-O {[%clk 1:35:17]} Bg7 {[%clk 1:21:27]} 13. Qh5 {[%clk
1:35:18]} O-O {[%clk 1:17:23]} 14. exf5 {[%clk 1:33:43]} Bxd5 {[%clk 1:16:57]}
15. f6 {[%clk 1:33:57]} h6 {[%clk 1:17:21]} 16. Qf5 {[%clk 1:33:20]} e4 {[%clk
1:15:32]} 17. fxg7 {[%clk 1:31:32]} Re8 {[%clk 1:11:52]} 18. Qxd5 {[%clk
1:31:44]} exd3 {[%clk 0:55:51]} 19. Qxc6 {[%clk 1:31:18]} d2 {[%clk 0:55:50]} 20.
Qd5 {[%clk 1:29:42]} 1-0

[Event "U20 Polish Youth Championship"]
[Site "Ustron"]
[Date "2019.11.25"]
[Round "4"]
[White "Gardian, Adam"]
[Black "Koloczek, Maciej"]
[Result "1/2-1/2"]
[Board "23"]
[WhiteElo "1835"]
[WhiteCountry "POL"]
[WhiteFideId "21831130"]
[WhiteEloChange "3"]
[BlackElo "1947"]
[BlackCountry "POL"]
[BlackFideId "1198785"]
[BlackEloChange "-3"]

1. Nf3 {[%clk 1:30:31]} Nf6 {[%clk 1:30:37]} 2. d4 {[%clk 1:30:04]} g6 {[%clk
1:30:35]} 3. c4 {[%clk 1:29:57]} Bg7 {[%clk 1:30:59]} 4. Nc3 {[%clk 1:30:19]} d6
{[%clk 1:31:24]} 5. Bg5 {[%clk 1:30:45]} h6 {[%clk 1:31:43]} 6. Bh4 {[%clk
1:30:11]} g5 {[%clk 1:32:06]} 7. Bg3 {[%clk 1:30:31]} Nh5 {[%clk 1:32:18]} 8. e3
{[%clk 1:24:39]} c5 {[%clk 1:32:32]} 9. Rc1 {[%clk 1:19:17]} Bf5 {[%clk 1:25:23]}
10. Bd3 {[%clk 1:11:58]} Bxd3 {[%clk 1:24:37]} 11. Qxd3 {[%clk 1:10:06]} Nd7
{[%clk 1:24:55]} 12. O-O {[%clk 1:02:12]} O-O {[%clk 1:21:33]} 13. Rfd1 {[%clk
1:01:04]} f5 {[%clk 1:16:06]} 14. dxc5 {[%clk 0:58:26]} Nxc5 {[%clk 1:15:16]} 15.
Qd5+ {[%clk 0:56:14]} Kh8 {[%clk 1:15:24]} 16. b4 {[%clk 0:47:05]} Nf6 {[%clk
1:06:09]} 17. Qd2 {[%clk 0:39:25]} Nce4 {[%clk 1:05:02]} 18. Nxe4 {[%clk
0:39:09]} Nxe4 {[%clk 1:05:16]} 19. Qd3 {[%clk 0:39:24]} Rc8 {[%clk 1:03:31]} 20.
Nd2 {[%clk 0:37:07]} Nxd2 {[%clk 1:01:38]} 21. Rxd2 {[%clk 0:34:13]} Qb6 {[%clk
1:00:57]} 22. a3 {[%clk 0:32:46]} a5 {[%clk 0:59:35]} 23. Rb1 {[%clk 0:32:32]}
axb4 {[%clk 0:59:37]} 24. axb4 {[%clk 0:32:57]} Qc6 {[%clk 0:58:18]} 25. Rc2
{[%clk 0:32:34]} e5 {[%clk 0:55:42]} 26. f3 {[%clk 0:30:14]} Rf7 {[%clk 0:51:43]}
27. Rd1 {[%clk 0:25:25]} f4 {[%clk 0:48:20]} 28. Bf2 {[%clk 0:23:24]} fxe3 {[%clk
0:47:43]} 29. Bxe3 {[%clk 0:23:36]} Rd7 {[%clk 0:47:29]} 30. Qd5 {[%clk 0:21:05]}
Qa4 {[%clk 0:42:56]} 31. Qd2 {[%clk 0:19:50]} Rdc7 {[%clk 0:39:51]} 32. Rdc1
{[%clk 0:19:41]} Qd7 {[%clk 0:37:01]} 33. Bb6 {[%clk 0:18:27]} Rc6 {[%clk
0:37:09]} 34. Be3 {[%clk 0:16:50]} Qe6 {[%clk 0:34:49]} 35. Qd3 {[%clk 0:16:15]}
R6c7 {[%clk 0:34:38]} 36. Qe4 {[%clk 0:13:43]} Qf7 {[%clk 0:32:47]} 37. Kf2
{[%clk 0:10:37]} d5 {[%clk 0:32:00]} 38. cxd5 {[%clk 0:10:56]} Rxc2+ {[%clk
0:32:20]} 39. Rxc2 {[%clk 0:11:23]} Rxc2+ {[%clk 0:32:39]} 40. Qxc2 {[%clk
0:41:48]} Qxd5 {[%clk 1:02:52]} 41. Qc8+ {[%clk 0:41:59]} 1/2-1/2